Kirjaimella H alkavia sanoja #1 - Statistics

Yleistilastot
  • Tätä visaa on pelattu 930 kertaa
  • Keskiarvotulos 13 / 20
Vastaustilastot
Määritelmä Sana % Oikein
Insuliinia tuottava elin Haima
97%
Nimitys Pohjois-Atlantin trooppisille hirmumyrskyille Hurrikaani
86%
Näkökentän maan ja taivaan välille jakava viiva Horisontti
85%
Muun muassa ilmalaivoissa käytetty nosteaine Helium
84%
Hevosen päästämä ääni Hirnahdus
84%
Hyvin pitkä askel ilman hyppäystä Harppaus
81%
Tila, jossa ihmisen ruumiinlämpö on alle 35 °C Hypotermia
81%
Muinaisen Egyptin kirjoitusjärjestelmä Hieroglyfit
78%
Suorakulmaisen kolmion pisin sivu Hypotenuusa
74%
Laivan vaurioituminen tapaturmaisesti Haaksirikko
73%
Euroopan kookkain ampiaislaji Herhiläinen
69%
Palkeella varustettu kosketinsoitin Harmonikka
61%
Usein toistettu lausahdus Hokema
61%
Työkalu, jolla esimerkiksi puusta irrotetaan ohuita kerroksia Höylä
59%
Savukaasut ulos ohjaava kanava Hormi
58%
Lampaan mahalaukussa valmistettava skotlantilainen perinneruoka Haggis
49%
Metallista valettu suorakulmainen kappale Harkko
41%
Pehmeä myssymäinen naisten päähine Hilkka
20%
Kreikkalaisen mytologian siivekäs nainen Harpyija
15%
Historiallinen nimitys ranskalaiselle protestantille Hugenotti
15%
Ehtoja vastaavia visoja ei löytynyt
Tulosjakauma
Jokaisen tuloksen saaneiden osuus
Persentiili vastausten määrän mukaan
Tuloshistoriasi
Et ole pelannut tätä visaa